| 000 | 01160cam a2200277 a 4500 | ||
|---|---|---|---|
| 001 | 2546 | ||
| 005 | 20231214160909.0 | ||
| 020 | _a0439687748 (pbk.) | ||
| 020 | _a9780439687744 | ||
| 040 |
_aSO$ _cSO$ _dDLC _beng |
||
| 050 | 0 | 0 |
_aAG243 _b.P245 2004 |
| 082 | 0 | 0 |
_a031.02 _222 |
| 100 | 1 | _aPackard, Mary | |
| 245 | 1 | 0 |
_aStrange school stories / _cby Mary Packard and the editors of Ripley Entertainment, Inc. |
| 250 | _aFirst printing, October 2004 | ||
| 260 |
_aNew York : _bScholastic, _c2004 |
||
| 300 |
_a86 pages : _billustrations ; _c20 cm |
||
| 490 | 1 | _aRipley's believe it or not | |
| 505 | _aZ | ||
| 520 | _aHow would you like to meet a dog with a college degree? Or better yet, an 84-year-old first grader? Want to know how one coach got his team to swim? He dropped a crocodile in the pool, of course!School reading has never been so fun with is wild collection of school-based stories. They will fill your mind with odd-ucational wonder! | ||
| 521 | 1 |
_a1000 _bLexile estimate |
|
| 521 | 0 |
_aZ _bRaz-Plus |
|
| 650 | 0 |
_aCuriosities and wonders _vJuvenile literature. |
|
| 906 |
_a7 _bcbc _ccopycat _d2 _encip _f20 _gy-gencatlg |
||
| 942 |
_2ddc _cBK _n0 |
||
| 999 |
_c2546 _d2546 |
||